000 00320nam a22001337a 4500
008 170605b xxu||||| |||| 00| 0 eng d
020 _a9780300027600
041 _aeng
080 _a94
100 _a18
101 _aSHH
245 _aAGE REFORM AN INTELECTUAL AND RELIGIONS HISTORY
_cOZMENT.S
942 _2udc
_cBK
999 _c15960
_d15960